Business organisation and commercial practice (Record no. 6018)

MARC details
000 -LEADER
fixed length control field 00671cam a2200241ua 4500
001 - CONTROL NUMBER
control field 6877
005 - DATE AND TIME OF LATEST TRANSACTION
control field 20260515114124.0
008 - FIXED-LENGTH DATA ELEMENTS--GENERAL INFORMATION
fixed length control field 140319n ii |||gr||||Z||||||eng
020 ## - INTERNATIONAL STANDARD BOOK NUMBER
International Standard Book Number 81-7096-808-9
040 ## - CATALOGING SOURCE
Transcribing agency MAIN
082 ## - DEWEY DECIMAL CLASSIFICATION NUMBER
Classification number 338.7
245 ## - TITLE STATEMENT
Title Business organisation and commercial practice
Statement of responsibility, etc. By S.S. Sarkar
250 ## - EDITION STATEMENT
Remainder of edition statement Part II.
260 ## - PUBLICATION, DISTRIBUTION, ETC.
Place of publication, distribution, etc. Ludhiana:
Name of publisher, distributor, etc. Kalyani publishers,
Date of publication, distribution, etc. 1996.
300 ## - PHYSICAL DESCRIPTION
Extent x,92p.
653 ## - INDEX TERM--UNCONTROLLED
Uncontrolled term Production
653 ## - INDEX TERM--UNCONTROLLED
Uncontrolled term Business organisation and commercial practice
700 ## - ADDED ENTRY--PERSONAL NAME
Personal name Sarkar,S.S.,
Relator term Author.,
700 ## - ADDED ENTRY--PERSONAL NAME
Personal name Sharma,R.K.,
Relator term Author.
700 ## - ADDED ENTRY--PERSONAL NAME
Personal name Guptra,Shashi K.,
Relator term Author.
700 ## - ADDED ENTRY--PERSONAL NAME
Personal name Nayyar,Sushil,
Relator term Author.
942 ## - ADDED ENTRY ELEMENTS (KOHA)
Koha item type Books
Holdings
Withdrawn status Lost status Damaged status Not for loan Home library Current library Shelving location Date acquired Total checkouts Full call number Barcode Date last seen Copy number Price effective from Koha item type
        Naharkatiya College Library Naharkatiya College Library General stacks 09/19/2020   338.7 | BUS 14016 09/19/2020 8 09/19/2020 Books
        Naharkatiya College Library Naharkatiya College Library General stacks 09/19/2020   338.7 | BUS 14017 09/19/2020 5 09/19/2020 Books
        Naharkatiya College Library Naharkatiya College Library General stacks 09/19/2020   338.7 | BUS 14018 09/19/2020 4 09/19/2020 Books
        Naharkatiya College Library Naharkatiya College Library General stacks 09/19/2020   338.7 | BUS 14019 09/19/2020 7 09/19/2020 Books
        Naharkatiya College Library Naharkatiya College Library General stacks 09/19/2020   338.7 | BUS 14020 09/19/2020 1 09/19/2020 Books
        Naharkatiya College Library Naharkatiya College Library General stacks 09/19/2020   338.7 | BUS 14021 09/19/2020 3 09/19/2020 Books
        Naharkatiya College Library Naharkatiya College Library General stacks 09/19/2020   338.7 | BUS 14022 09/19/2020 6 09/19/2020 Books
        Naharkatiya College Library Naharkatiya College Library General stacks 09/19/2020   338.7 | BUS 14023 09/19/2020 2 09/19/2020 Books